00648nam a2200157 a 450000100100000000500170001000800410002704000250006811000270009324501500012026000450027030000190031570000340033495201050036899900170047300004566920201002052358.0150422s1989 dr 000 0 spa d aDO-SdBNPbspacBNPHU2 aTeatro Nacional97373010aHomenaje a Edith Piaf :bmarte 26 y miéircoles 27 de septiembre, 1989 8:30 p.m. Santo Domingo, República Dominicana /cLuisa María Guéll. aSanto Domingo :bTeatro Nacional,c1989. a8 p. ;c22 cm.12aGuéll, Luisa María973731 0010718PDaPDbPDcHDd2015-04-22iLF1l0o p45669-10r2020-06-25w2020-06-25yLFPDZNo se presta c45158d45158